000 00631nam a2200265Ia 4500
005 20260306164253.0
008 008 260114s9999 xx 000 0 eng d
020 _a9781529226447
037 _aEBOOK
040 _aCRL
040 _beng
040 _cCRL
041 _2eng
041 _aeng
084 _qCRL
100 _aManley
_9889155
245 0 _aCo-operation And Co-operatives In 21st-century Europe
260 _bThe Policy Press
260 _c2024
650 _aEconomics & Finance
856 _uhttps://academic.oup.com/book/56934
942 _cEBOOK
999 _c1713444
_d1713444